000 00899nam a22002897a 4500
001 BR8004138
003 BR-BrBNA
005 20230928090642.0
007 ta
008 230509b bl.||||| |||| 00| 0 por d
040 _aBR-BrBNA
_bpor
_cBiblioteca Nacional de Agricultura
041 _a(Por)
072 _aF00
_b2120
_b1410
090 _ 2120 BR8004138
110 1 _aInstituto Brasileiro do Cafe, Rio de Janeiro, RJ;
110 1 _aGrupo Executivo de Racionalizacao da Cafeicultura, Rio de Janeiro, RJ (Brasil)
245 1 _aFeijao intercalar em cafezais
260 3 _aRio de Janeiro, RJ (Brasil):
_c1980.
300 _a15 p.
500 _a(*) Documento disponível no(a) Instituto Brasileiro do Cafe, Rio de Janeiro, RJ
650 _aCAFE
650 _aFEIJAO
650 _aCULTIVO INTERCALADO
650 _aPRATICA CULTURAL
909 _a202309
_bLucia
_c55
_dLucia Elande
942 _cBK
999 _c29840
_d29840